000 00546nam a2200169Ia 4500
008 160114s9999 xx 000 0 und d
020 _a0-618065709
050 _aFic
050 _b.R456c 2002
100 _aRey, Margret.
245 _aCurious George Visit a Toy Store /
_cMargret Rey; H A Rey; Martha Weston.
260 _aNew York :
_bHoughton Mifflin Company
_c2002
300 _a24 pages;
_bcolor illustrations ;
_c21 cm.
440 _aCurious George.
700 _aRey, H. A. (Hans Augusto), 1898-1977.
700 _aWeston, Martha, ill.
999 _c290338
_d290338